000 00505nam a22001937a 4500
003 MPLRDC
005 20220104192543.0
008 210129b ||||| |||| 00| 0 eng d
020 _a978-986-6323-32-4
082 _a418.98 HAY
100 _aLOUISE L. HAY
245 _a身体调愈A~Z
_c张学健 译
250 _a初版
260 _a台湾
_b生命潜能文化事业有限公司
_c2011
300 _b
490 _a健康种子系列: 37
650 _a心灵疗法
942 _cBK
_o418.98 HAY
999 _c64770
_d64760